000 01001nam a22003137a 4500
001 BR7405978
003 BR-BrBNA
005 20230928084625.0
007 ta
008 230509b bl.||||| |||| 00| 0 por d
040 _aBR-BrBNA
_bpor
_cBiblioteca Nacional de Agricultura
041 _a(Por)
072 _aK00; K10; K20
_b/G514
_b/GZ74
090 _ K00 BR7405978
110 1 _aCentro de Pesquisa Florestal da Regiao do Cerrado, Belo Horizonte, MG (Brasil)
_91624
245 1 _aRelatorio de atividades tecnicas do Centro de Pesquisa Florestal da Regiao do Cerrado [desenvolvimento florestal, Brasil]
260 3 _aBelo Horizonte, MG (Brasil):
_c1974.
300 _a248 p.
500 _a50 tables
650 _aCIENCIA FLORESTAL
650 _aPRODUCAO FLORESTAL
650 _aADMINISTRACAO FLORESTAL
650 _aPESQUISA FLORESTAL
650 _aDESENVOLVIMENTO FLORESTAL
650 _aREFLORESTAMENTO
650 _aCERRADO
909 _a202309
_bLucia
_c55
_dLucia Elande
942 _cBK
999 _c20151
_d20151